| 000 | 00457nam a2200181Ia 4500 | ||
|---|---|---|---|
| 001 | 24270 | ||
| 005 | 20260414151032.0 | ||
| 008 | 260414t1995||||xx |||||||||||||| ||spa|| | ||
| 041 | _aESP | ||
| 082 |
_a345.2 _bG59 |
||
| 100 |
_aGoldberg, Steven H. _eAUT |
||
| 245 | 0 |
_aMi primer juicio oral : _b¿dónde me siento? ¿y qué diré? |
|
| 260 | _c1995 | ||
| 300 |
_a262 páginas : _c22 cm. |
||
| 650 | _aDER | ||
| 654 | _aCDE | ||
| 942 |
_cLIB _dJUS _fJUS _2ddc _n |
||
| 999 |
_c24270 _d24270 |
||